000
00311nam a22001337a 4500
020
_a
9780470376256
082
_a
551.492 HEA/IN
100
_a
Heathcote,Isobel W
245
_a
Integrated watershed management
250
_a
Ed 2
260
_a
New Jersey
_b
John Wiley & Sons
_c
2009
300
_a
453
942
_c
BK
999
_c
13878
_d
13878